Dora la exploradora ¡Celebremos! : (Registro nro. 37009)
[ vista simple ]
| 000 -CABECERA | |
|---|---|
| Longitud fija campo de control | 01030nam a2200229 4500 |
| 003 - • IDENTIFICADOR DELl NÚMERO DE CONTROL | |
| Identificador del número de control | CO-ViMGA |
| 020 ## - • NÚMERO INTERNACIONAL NORMALIZADO PARA LIBROS | |
| Número Internacional Normalizado para Libros (ISBN) | 9786076181805 |
| 020 ## - • NÚMERO INTERNACIONAL NORMALIZADO PARA LIBROS | |
| Número Internacional Normalizado para Libros (ISBN) | 9786076181812 |
| 020 ## - • NÚMERO INTERNACIONAL NORMALIZADO PARA LIBROS | |
| Número Internacional Normalizado para Libros (ISBN) | 9786076181829 |
| 020 ## - • NÚMERO INTERNACIONAL NORMALIZADO PARA LIBROS | |
| Número Internacional Normalizado para Libros (ISBN) | 9786076181836 |
| 040 ## - FUENTE DE LA CATALOGACIÓN | |
| Centro catalogador de origen | CO-ViMGA |
| Lengua de catalogación | spa |
| Centro transcriptor | CO-ViMGA |
| 100 1# - • PUNTO DE ACCESO PRINCIPAL-NOMBRE DE PERSONA | |
| Nombre de persona | Menard, Valerie |
| 245 10 - • TITULO PROPIAMENTE DICHO | |
| Título | Dora la exploradora ¡Celebremos! : |
| Resto del título | Mi pequeña biblioteca / |
| Mención de responsabilidad, etc. | Valerie Menard |
| 300 ## - • DESCRIPCIÓN FÍSICA | |
| Extensión | 3 libros con 10 paginas c/u : |
| Otras características físicas | 25.5 cm x 20.3 cm |
| 500 ## - • NOTA GENERAL | |
| Nota general | vol. 1 : ¡Viva el reino de cristal!, vol. 2 : Una fiesta en patines, vol. 3 ¡Feliz cumpleaños Dora! |
| 520 ## - • NOTA DE RESUMEN | |
| Resumen, etc, | Dora organizó una fiesta por su cumpleaños. ¡Su familia y sus amigos estarán ahí! ¡Y tú también estás invitado! ¡Que comience el festejo! ¡Acompaña a Dora y a botas en el festejo por haber salvado el Reino de Cristal y también conoce a todos sus nuevos amigos! |
| 650 14 - • PUNTO DE ACCESO ADICIONAL DE MATERIA - TÉRMINO DE MATERIA | |
| Término de materia o nombre geográfico como elemento inicial | Cuentos infantiles |
| 650 14 - • PUNTO DE ACCESO ADICIONAL DE MATERIA - TÉRMINO DE MATERIA | |
| Término de materia o nombre geográfico como elemento inicial | Libros de cuentos ilustrados |
| 942 ## - ENTRADA DE ELEMENTOS AGREGADOS (KOHA) | |
| Fuente de clasificaión o esquema | Dewey Decimal Classification |
| Koha [por defecto] tipo de item | LIbro |
| Perdido | Fuente de clasificación o esquema | Estado Físico | No para préstamo | Forma de adquisición | Localización permanente | Localización actual | Fecha adquisición | Coste, precio normal de compra | Préstamos totales | Signatura completa | Código de barras | Fecha última consulta | Fecha último préstamo | Fecha del precio de reemplazo | Tipo de item de Koha |
|---|---|---|---|---|---|---|---|---|---|---|---|---|---|---|---|
| Dewey Decimal Classification | Sala Infantil Segundo Piso | Biblioteca Pública Germán Arciniegas - Villavicencio | Biblioteca Pública Germán Arciniegas - Villavicencio | 05/04/2018 | 14500.00 | 1 | C MENd | 031345 | 10/11/2018 | 10/09/2018 | 05/04/2018 | LIbro | |||
| Dewey Decimal Classification | Sala Infantil Segundo Piso | Biblioteca Pública Germán Arciniegas - Villavicencio | Biblioteca Pública Germán Arciniegas - Villavicencio | 05/04/2018 | 14500.00 | C MENd | 031344 | 05/04/2018 | 05/04/2018 | LIbro | |||||
| Dewey Decimal Classification | Sala Infantil Segundo Piso | Biblioteca Pública Germán Arciniegas - Villavicencio | Biblioteca Pública Germán Arciniegas - Villavicencio | 05/04/2018 | 14500.00 | C MENd | 031343 | 05/04/2018 | 05/04/2018 | LIbro |